000 00526nam a22001817a 4500
005 20251108173722.0
008 250721s2008 xx 000 0 ara d
082 1 4 _a133.5/رب
100 1 _aابو الرب، أحمد محمود
245 1 0 _aأسرار الأرقام في حياة الإنسان /
250 _aط.5 مزيدة و منقحة
264 1 _aاربد :
_bأبو الرب،
_c2008.
300 _a313 ص.
650 1 7 _aالابراج
650 1 7 _aالتنجيم
942 _2ddc
_cBK
999 _c110745
_d110745